[Event "ch-EU"]
[Site "Cork IRL"]
[Date "2005.03.28"]
[Round "7"]
[White "Janz,F"]
[Black "Medvegy,Z"]
[Result "1/2-1/2"]
[WhiteElo "2376"]
[BlackElo "2467"]

1.c4 e5 2.g3 c6 3.Nf3 e4 4.Nd4 d5 5.cxd5 Qxd5 6.Nb3 e3 7.f3 exd2+ 8.Bxd2 Be6
9.Nc3 Qd7 10.e4 Nf6 11.Qc2 Bb4 12.O-O-O Qe7 13.Kb1 O-O 14.Nd4 Rd8 15.Nxe6 Qxe6
16.Be2 Nbd7 17.g4 Nb6 18.Bc1 Re8 19.h4 Rad8 20.Bd3 Nbd7 21.Be2 Nb6 22.h5 Rxd1
23.Nxd1 Bd6 24.Bd3 h6 25.g5 hxg5 26.Bxg5 Nbd7 27.Qg2 Nh7 28.Bc1 Qf6 29.Rg1 Nc5
30.Bc2 Ne6 31.Ne3 Nf4 32.Qxg7+ Qxg7 33.Rxg7+ Kxg7 34.Nf5+ Kf8 35.Nxd6 Nxh5
36.Bh6+ Ke7 37.Nxe8 Kxe8 38.e5 Nf8 39.Be3 b6 40.Be4 c5 41.Kc2 Ke7 42.Kd3 f6
43.exf6+ Nxf6 44.Bb7 Ne6 45.Kc4 Kd6 46.a4 Nh5 47.Bc8 Nhf4 48.Bxe6 Nxe6  1/2-1/2

[Event "FSGM April"]
[Site "Budapest HUN"]
[Date "2005.04.02"]
[Round "1"]
[White "Karatorossian,D"]
[Black "Fogarasi,T"]
[Result "1/2-1/2"]
[WhiteElo "2384"]
[BlackElo "2442"]

1.c4 e5 2.g3 Nf6 3.Bg2 d5 4.cxd5 Nxd5 5.Nc3 Nb6 6.Nf3 Nc6 7.O-O Be7 8.a3 O-O
9.b4 Re8 10.d3 Bf8 11.Bb2 Bg4 12.h3 Bh5 13.Ne4 a5 14.Nc5 axb4 15.axb4 Rxa1
16.Qxa1 Nxb4 17.Nxb7 Qc8 18.Na5 f6 19.Rc1 Qd7 20.Nc4 Nxc4 21.Rxc4 c5 22.Bc1 Bf7
23.Rc3 e4 24.dxe4 Qd1+ 25.Kh2 Na2 26.Ra3 Nxc1 27.Rc3 Qxe2 28.Qxc1 Qxe4 29.Ng5 Qd4
30.Nxf7 Kxf7 31.Qc2 Kg8 32.Rd3 Qb4 33.Qa2+ c4 34.Bd5+ Kh8  1/2-1/2

[Event "3rd ch-GER Internet Blitz GpC"]
[Site "playchess INT"]
[Date "2005.04.03"]
[Round "1.1"]
[White "Bischoff,K"]
[Black "Buchenau,F"]
[Result "1-0"]
[WhiteElo "2555"]
[BlackElo "2345"]

1.c4 e5 2.g3 Nf6 3.Bg2 c6 4.d4 Bb4+ 5.Bd2 Bxd2+ 6.Qxd2 d6 7.Nc3 O-O 8.e4 Qe7
9.Nge2 Re8 10.O-O Nbd7 11.d5 cxd5 12.cxd5 a5 13.b3 Nc5 14.Rab1 Bd7 15.a3 Qd8
16.b4 axb4 17.axb4 Na4 18.Rfc1 Qb6 19.Nd1 Bg4 20.Ne3 Bxe2 21.Qxe2 Rec8 22.Qd2 Qd4
23.Qxd4 exd4 24.Nf5 Nc3 25.Ne7+ Kf8 26.Nxc8 Nxb1 27.Nb6 Nc3 28.Bf1 Ra2 29.f3 Rb2
30.Nc4 Rxb4 31.Nxd6 Nd7 32.Ra1 Ke7 33.Nc4 b5 34.Na5 Ra4 35.Nc6+ Kd6 36.Rc1 b4
37.Nxd4 Nc5 38.Nb5+ Nxb5 39.Bxb5 Ra5 40.Bc4 Ra3 41.Kf2 b3 42.Rb1 Ke5 43.Ke3 b2+
44.Kf2 Kd4 45.Rxb2 Kxc4 46.Rb8 Nd3+ 47.Ke2 Kd4 48.d6 Ra2+ 49.Kf1 Ne5 50.f4 Nf3
51.d7 Nxh2+ 52.Ke1 Nf3+ 53.Kd1 Rd2+ 54.Kc1 Ke3 55.Rb3+ Ke2 56.Rb2  1-0

[Event "CES"]
[Site "Northeim GER"]
[Date "2005.04.15"]
[Round "3"]
[White "Frotscher,T"]
[Black "Schwetje,J"]
[Result "1/2-1/2"]
[WhiteElo "2234"]
[BlackElo "2183"]

1.c4 e5 2.g3 Nc6 3.Bg2 g6 4.Nc3 Bg7 5.e4 d6 6.Nge2 Nge7 7.d3 O-O 8.O-O Be6
9.h3 Qd7 10.Kh2 f5 11.f4 h6 12.Rb1 Rf7 13.b4 Raf8 14.b5 Nd8 15.Nd5 c6 16.bxc6 bxc6
17.Nxe7+ Qxe7 18.Qa4 fxe4 19.dxe4 c5 20.Be3 h5 21.fxe5 Bxe5 22.Nf4 Kh7 23.Nd3 Rxf1
24.Rxf1 Rxf1 25.Bxf1 Bg7 26.h4 Nf7 27.Qc2 Bg4 28.Bg2 Ne5  1/2-1/2

[Event "CES"]
[Site "Northeim GER"]
[Date "2005.04.15"]
[Round "3"]
[White "Bode,W"]
[Black "Baklan,V"]
[Result "0-1"]
[WhiteElo "2357"]
[BlackElo "2584"]

1.c4 e5 2.g3 Nf6 3.Bg2 h6 4.Nc3 Bb4 5.e4 Bxc3 6.bxc3 O-O 7.Ne2 Re8 8.O-O c6
9.Qb3 Na6 10.Ba3 b6 11.f4 d6 12.Rae1 Rb8 13.d4 c5 14.fxe5 dxe5 15.d5 Rf8
16.Nc1 Ne8 17.Rf2 Nd6 18.Bf1 Bd7 19.Qc2 Qc7 20.Nb3 Rbe8 21.Bc1 Nb8 22.Na1 f5
23.exf5 Bxf5 24.Qb2 Be4 25.Rxf8+ Rxf8 26.Nc2 Nd7 27.Ne3 Bf3 28.Qc2 e4 29.Nd1 g5
30.Nf2 Ne5 31.Be3 Qf7 32.Qb3 Qh5 33.a4 Bd1 34.Qxd1 Nf3+ 35.Qxf3 Rxf3 36.Bg2 Nxc4
37.Nxe4 Rxe3 38.Nf6+ Kf7 39.Nxh5  0-1

[Event "ch-UKR u20"]
[Site "Lviv UKR"]
[Date "2005.04.29"]
[Round "11"]
[White "Derjabin,I"]
[Black "Yarmysty,M"]
[Result "1/2-1/2"]
[WhiteElo "2391"]
[BlackElo "2334"]

1.c4 e5 2.g3 Nf6 3.Bg2 h6 4.Nc3 Nc6 5.e3 Bb4 6.Nge2 O-O 7.O-O d6 8.b3 Bf5
9.a3 Bxc3 10.Nxc3 Bd3 11.Re1 e4 12.Bb2 Ne5 13.Ne2 Nfd7 14.Bc3 a5 15.Nf4 Re8
16.Nxd3 Nxd3 17.Rf1 a4 18.b4 Nb6 19.Qg4 Qg5 20.Qe2 f5 21.f3 Nxc4 22.fxe4 fxe4
23.Bxe4 Rxe4 24.Qxd3 Rae8 25.Rf3 b5 26.Raf1 c6 27.Rf8+ Rxf8 28.Rxf8+ Kxf8
29.Qxe4 Qd5 30.Qg4 Ne5 31.Qc8+ Kf7 32.Bxe5 dxe5 33.Qf5+ Ke7 34.Qg6 Kf8 35.Qf5+ Ke7
36.Qg6 Kf8 37.Qf5+ Ke7 38.Qg6 Kf8 39.Qf5+ Ke7 40.Qg6 Kf8 41.Qf5+ Ke7  1/2-1/2

[Event "23rd Liechtenstein Open"]
[Site "Triesen LIE"]
[Date "2005.04.30"]
[Round "2"]
[White "Brestian,E"]
[Black "Baumgartner,W"]
[Result "1-0"]
[WhiteElo "2415"]
[BlackElo "2110"]

1.c4 e5 2.g3 Nf6 3.Bg2 d5 4.cxd5 Nxd5 5.Nf3 Nc6 6.O-O Be7 7.d4 e4 8.Ne5 Nxe5
9.dxe5 f5 10.exf6 Nxf6 11.Qb3 Bd6 12.Nc3 Bf5 13.Bg5 Qe7 14.Qb5+ Bd7 15.Bxf6 gxf6
16.Qxb7 O-O 17.Qxe4 Qf7 18.Qd5 Rab8 19.Qxf7+ Kxf7 20.b3 Rfe8 21.Rac1 Bb5
22.Nxb5 Rxb5 23.Bc6  1-0

[Event "Open A"]
[Site "Djakovo CRO"]
[Date "2005.05.01"]
[Round "1"]
[White "Cvitan,O"]
[Black "Sulc,D"]
[Result "1/2-1/2"]
[WhiteElo "2481"]
[BlackElo "2301"]

1.c4 e5 2.g3 Nf6 3.Bg2 Nc6 4.Nc3 Bc5 5.d3 O-O 6.Nf3 Re8 7.O-O h6 8.e3 d6
9.h3 a6 10.b3 Bd7 11.Bb2 Rb8 12.a3 b5 13.b4 Ba7 14.Nd2 Ne7 15.Rc1 c5 16.Nce4 Nxe4
17.Nxe4 Bc6 18.bxc5 bxc4 19.Ba1 Bxe4 20.Bxe4 Bxc5 21.Rxc4 Bxa3 22.Ra4 Bb2
23.Rxa6 d5 24.Bg2 d4 25.Bxb2 Rxb2 26.Ra8 Rb8 27.Rxb8 Qxb8 28.exd4 exd4 29.Qa4 Rd8
30.Qa5 Qd6 31.Rb1 Rb8 32.Re1 g6 33.Qa7  1/2-1/2

[Event "23rd Liechtenstein Open"]
[Site "Triesen LIE"]
[Date "2005.05.01"]
[Round "3"]
[White "Dittmar,P"]
[Black "Janev,E"]
[Result "1/2-1/2"]
[WhiteElo "2319"]
[BlackElo "2428"]

1.c4 e5 2.g3 Nc6 3.Bg2 g6 4.Nc3 Bg7 5.Nf3 d6 6.d3 Nge7 7.O-O O-O 8.Rb1 h6
9.b4 a6 10.a4 Be6 11.b5 axb5 12.axb5 Na5 13.Bb2 c6 14.bxc6 bxc6 15.Na4 c5
16.Nd2 Nac6 17.Nc3 Qd7 18.Nb5 f5 19.Ra1 Rfb8  1/2-1/2

[Event "23rd Liechtenstein Open"]
[Site "Triesen LIE"]
[Date "2005.05.01"]
[Round "3"]
[White "Fierz,M"]
[Black "Sedina,E"]
[Result "1/2-1/2"]
[WhiteElo "2274"]
[BlackElo "2422"]

1.c4 e5 2.g3 Nf6 3.Bg2 c6 4.d4 Bb4+ 5.Bd2 Bxd2+ 6.Qxd2 d6 7.Nc3 Qe7 8.e3 O-O
9.Nge2 Re8 10.O-O e4 11.b4 Bg4 12.h3 Bf3 13.Kh2 h5 14.Bxf3 exf3 15.Ng1 d5
16.Nxf3 dxc4 17.Ne5 Qxb4 18.Rab1 Qe7 19.Nxc4 Qc7 20.Qd3 Nbd7 21.e4 b5 22.Nd2 Rad8
23.Qf3 Nc5 24.e5 Nh7 25.Ne2 Ne6 26.Qxh5 Nxd4 27.Nxd4 Rxd4 28.Nf3 Rd5 29.Qg4 Nf8
30.Rfe1 Re6 31.Re2 Ng6 32.Rbe1 Qd7 33.h4 Re8 34.Qg5 Qe7 35.Qg4 Qd7 36.Qg5 Qe7
37.Qg4 Qd7  1/2-1/2

[Event "GM"]
[Site "Ostrava CZE"]
[Date "2005.05.03"]
[Round "4"]
[White "Talla,V"]
[Black "Dydyshko,V"]
[Result "1/2-1/2"]
[WhiteElo "2409"]
[BlackElo "2549"]

1.c4 e5 2.g3 Nf6 3.Bg2 c6 4.d4 Bb4+ 5.Bd2 Bxd2+ 6.Qxd2 d6 7.Nc3 Qe7 8.e3 O-O
9.Nge2 Re8 10.h3 h5 11.O-O e4 12.f4 g6 13.b4 Na6 14.Rab1 Bf5 15.d5 c5 16.a3 Kg7
17.b5 Nb8 18.Nd1 Nbd7 19.a4 Ng8  1/2-1/2

[Event "10th Cvitanovic Mem"]
[Site "Split CRO"]
[Date "2005.05.03"]
[Round "4"]
[White "Plenkovic,Z"]
[Black "Videki,S"]
[Result "0-1"]
[WhiteElo "2302"]
[BlackElo "2405"]

1.c4 e5 2.g3 Nf6 3.Bg2 c6 4.d4 Bb4+ 5.Bd2 Bxd2+ 6.Qxd2 d6 7.Nc3 Qe7 8.Nf3 e4
9.Ng5 d5 10.cxd5 cxd5 11.O-O O-O 12.Nh3 Rd8 13.Qe3 Nc6 14.f3 exf3 15.Qxe7 Nxe7
16.exf3 Nf5 17.Nf4 g5 18.Nfe2 Ne3 19.Rf2 Bf5 20.h3 Bd3 21.Re1 Re8 22.Nc1 Bc4
23.Rd2 Re6 24.Nd1 Nf5 25.Rxe6 fxe6 26.Kf2 Ne8 27.Ne3 Ned6 28.Ng4 Rc8 29.Ne5 b6
30.g4 Nh4 31.b3 Ba6 32.Ncd3 Bxd3 33.Nxd3 Nb5 34.Ne5 Nxd4 35.f4 gxf4 36.Bxd5 exd5
37.Rxd4 Rc2+ 38.Kf1 Ng2 39.Ra4 a5 40.b4 Ne3+ 41.Kg1 Nc4 42.bxa5 Nxe5 43.axb6 Rc1+
44.Kf2 Rb1 45.Ra5 Rb2+ 46.Kf1 Nc4  0-1

[Event "SME Open"]
[Site "Ostrava CZE"]
[Date "2005.05.04"]
[Round "5"]
[White "Sikora Lerch,J"]
[Black "Firt,S"]
[Result "1-0"]
[WhiteElo "2319"]
[BlackElo "2349"]

1.g3 e5 2.c4 c6 3.d4 exd4 4.Nf3 d5 5.cxd5 Bb4+ 6.Bd2 Bxd2+ 7.Qxd2 Nf6 8.dxc6 Nxc6
9.Bg2 O-O 10.O-O Re8 11.Na3 Be6 12.Nb5 d3 13.Qxd3 Qxd3 14.exd3 Re7 15.Nfd4 Nxd4
16.Nxd4 Bd5 17.Nf5 Re5 18.Ne3 Bxg2 19.Kxg2 Rd8 20.Rfd1 Kf8 21.Rac1 Rd7 22.Rc8+ Ke7
23.d4 Rb5 24.Re1 Ke6 25.a4 Rb3 26.Nc4+ Kd5 27.Ne5 Rd6 28.Nxf7 Rd7 29.Ne5 Rd6
30.Nf3 Rd7 31.Re5+ Kd6 32.Nd2  1-0

[Event "ch-FRA Top 16 Poule Basse"]
[Site "Port Barcares FRA"]
[Date "2005.05.04"]
[Round "8"]
[White "Bischoff,K"]
[Black "Moldovan,D"]
[Result "1-0"]
[WhiteElo "2547"]
[BlackElo "2409"]

1.c4 e5 2.g3 Nc6 3.Bg2 Nf6 4.Nf3 Bc5 5.O-O d6 6.e3 O-O 7.d3 a6 8.b3 Re8 9.Bb2 Bd7
10.h3 Rb8 11.Nbd2 b5 12.Qe2 Bb6 13.Rac1 Ne7 14.c5 Ba7 15.Rfd1 Ng6 16.cxd6 cxd6
17.Ne4 Rb6 18.Nxf6+ Qxf6 19.Rc7 Bb8 20.Rxd7 Qe6 21.Rxf7 h6 22.Nxe5 Nxe5 23.Rf4 d5
24.Qh5  1-0

[Event "ch-FRA National 1"]
[Site "Lille FRA"]
[Date "2005.05.05"]
[Round "8"]
[White "Alanic,X"]
[Black "Acher,M"]
[Result "0-1"]
[WhiteElo "2250"]
[BlackElo "2352"]

1.c4 e5 2.g3 Nf6 3.Bg2 c6 4.Nc3 Bb4 5.Qb3 Na6 6.a3 Bxc3 7.Qxc3 O-O 8.Qxe5 d5
9.cxd5 Re8 10.Qd4 Bf5 11.d3 Nxd5 12.Kf1 Qe7 13.Bxd5 cxd5 14.Bd2 Rad8 15.Rc1 b6
16.Bc3 f6 17.b4 Qd7 18.f3 Nc7 19.e4 Nb5 20.Qf2 dxe4 21.dxe4 Qd3+ 22.Qe2 Nxc3
23.Qxd3 Rxd3 24.exf5 Nd5 25.Kg2 Rxa3 26.g4 Nxb4 27.Nh3 Nd5 28.Rhe1 Rxe1 29.Rxe1 Kf7
30.Kg3 g6 31.Rd1 Ne7 32.fxg6+ hxg6 33.Rd7 Ke6 34.Rb7 g5 35.Ng1 Nd5 36.Ne2 Ke5
37.Rb8 Nc7 38.Rc8 Ne6 39.Re8 Kd6 40.h4 gxh4+ 41.Kxh4 Ng5 42.Nd4 Nxf3+ 43.Nxf3 Rxf3
44.Kh5 Rf4 45.Rd8+ Kc7  0-1

[Event "ch-FRA Top 16 Poule Basse"]
[Site "Port Barcares FRA"]
[Date "2005.05.06"]
[Round "10"]
[White "Desanlis,A"]
[Black "Marchadour,C"]
[Result "0-1"]
[WhiteElo "1854"]
[BlackElo "2043"]

1.c4 e5 2.g3 c6 3.b3 d5 4.Bb2 dxc4 5.bxc4 Be6 6.Qc2 Nd7 7.Bg2 Bc5 8.e3 Ne7
9.Ne2 Bf5 10.Qb3 a5 11.d4 a4 12.Qc3 Bb6 13.O-O Ba5 14.Qa3 Nb6 15.Rc1 Be6
16.d5 cxd5 17.cxd5 Nexd5 18.Bxe5 Bb4 19.Qd3 O-O 20.Nd4 Qg5 21.Nxe6 fxe6 22.Bd4 Rad8
23.Qe4 Rfe8 24.f4 Qe7 25.a3 Ba5 26.Rc2 Rc8 27.Nd2 Rxc2 28.Qxc2 Rc8 29.Qd3 Bc3
30.Ra2 Bxd4 31.Qxd4 Nc3 32.Rb2 Ne2+  0-1

[Event "ch-FRA National 1"]
[Site "Lille FRA"]
[Date "2005.05.08"]
[Round "11"]
[White "Alanic,X"]
[Black "Dubreuil,J"]
[Result "1/2-1/2"]
[WhiteElo "2250"]
[BlackElo "2201"]

1.c4 e5 2.g3 Nf6 3.Bg2 d5 4.cxd5 Nxd5 5.Nc3 Nb6 6.Nf3 Nc6 7.O-O Be7 8.d3 O-O
9.a3 Re8 10.b4 Bf8 11.Ne4 Nd4 12.Bb2 c6 13.Rc1 a5 14.Nxd4 exd4 15.Nc5 axb4
16.axb4 Bxc5 17.bxc5 Na4 18.Bxd4 Qxd4 19.Rc4 Qb2 20.Rxa4 Rxa4 21.Qxa4 Qxe2
22.d4 Qe7 23.Qb4 h6 24.d5 cxd5 25.Bxd5 Bh3 26.Bg2 Bxg2 27.Kxg2 Rc8 28.Rb1 Qxc5  1/2-1/2

[Event "FSIM May"]
[Site "Budapest HUN"]
[Date "2005.05.16"]
[Round "10"]
[White "Galyas,M"]
[Black "Niemi,K"]
[Result "1/2-1/2"]
[WhiteElo "2444"]
[BlackElo "2247"]

1.c4 e5 2.g3 d6 3.Bg2 f5 4.d4 Be7 5.Nc3 Nf6 6.Nf3 e4 7.Ng5 O-O 8.O-O c6 9.Nh3 Na6
10.f3 exf3 11.exf3 Nc7 12.Re1 a5 13.Nf4 g5 14.Nh3 h6 15.Qd3 Kg7 16.Bd2 Be6
17.Re2 Re8 18.Rae1 Bf7 19.d5 cxd5 20.Nxd5 Nfxd5 21.cxd5 Qd7 22.f4 g4 23.Nf2 Bf6
24.Rxe8 Nxe8 25.Nd1 Kg8 26.Bc3 Bxc3 27.Nxc3 Rc8 28.h3 h5 29.hxg4 hxg4 30.Ne2 Ng7
31.Nd4 Rc5 32.a3 a4 33.b4 axb3 34.Qxb3 b5 35.Ne6 Rc4 36.Nxg7 Kxg7 37.Qb2+ Kg6
38.Qf2  1/2-1/2

[Event "Chigorin CC"]
[Site "St Petersburg RUS"]
[Date "2005.05.16"]
[Round "1"]
[White "Shushpanov,V"]
[Black "Toporov,V"]
[Result "1-0"]
[WhiteElo "2390"]
[BlackElo "2107"]

1.c4 e5 2.g3 Nc6 3.Bg2 g6 4.Nc3 Bg7 5.Nf3 d6 6.d3 Nf6 7.Rb1 O-O 8.O-O h6
9.b4 Ne7 10.b5 c6 11.bxc6 bxc6 12.Qa4 Qc7 13.Ba3 Bd7 14.Nxe5 dxe5 15.Bxe7 Rfe8
16.Bc5 Rec8 17.Qa6 Rcb8 18.Rxb8+ Rxb8 19.Qxa7 Qc8 20.Bd6 Ra8 21.Qc5 e4 22.Nxe4 Nxe4
23.Bxe4 Rxa2 24.e3 Qe8 25.Rb1 Kh7 26.Be7 Bb2 27.Qd6 c5 28.h4 h5 29.Bf6 Bxf6
30.Qxf6 Be6 31.Qe5 Qa4 32.Qxh5+ Kg7 33.Qe5+ Kh7 34.h5 Rxf2 35.hxg6+  1-0

[Event "Chigorin CC"]
[Site "St Petersburg RUS"]
[Date "2005.05.21"]
[Round "6"]
[White "Vunder,Y"]
[Black "Turikov,V"]
[Result "1/2-1/2"]
[WhiteElo "2237"]
[BlackElo "2358"]

1.c4 e5 2.g3 Nf6 3.Bg2 Bc5 4.Nc3 O-O 5.e3 Re8 6.Nge2 Nc6 7.O-O e4 8.d3 exd3
9.Qxd3 Ne5 10.Qc2 d6 11.Na4 c6 12.Nxc5 dxc5 13.Rd1 Qe7 14.h3 h5 15.f3 Bxh3
16.Bxh3 Nxf3+ 17.Kg2 Ng5 18.Bf5 g6 19.Bxg6 fxg6 20.Qxg6+ Qg7 21.Qxg7+ Kxg7
22.b3 Kh6 23.Nf4 Nge4 24.Bb2 Rad8 25.Bxf6 Nxf6 26.Kf3 Ng4 27.Rxd8 Rxd8 28.Rh1 Nf6
29.g4 Rd2 30.Nxh5 Nxh5 31.Rxh5+ Kg6 32.Rh8 Rxa2 33.Rb8 b6 34.Rc8 Rb2 35.Kf4 Rf2+  1/2-1/2

[Event "TCh-ROM A"]
[Site "Tusnad ROM"]
[Date "2005.05.25"]
[Round "5"]
[White "Calotescu,A"]
[Black "Ionita,A"]
[Result "1-0"]
[WhiteElo "2268"]
[BlackElo "2044"]

1.c4 e5 2.g3 Nc6 3.Bg2 Nf6 4.Nc3 Bb4 5.e4 d6 6.Nge2 Bg4 7.h3 Be6 8.d3 h6
9.a3 Bc5 10.b4 Bd4 11.O-O O-O 12.Nxd4 Nxd4 13.f4 exf4 14.gxf4 Qc8 15.Be3 Nc6
16.b5 Ne7 17.f5 Nxf5 18.exf5 Bxf5 19.Bxb7 Qxb7 20.Rxf5 Nh7 21.Nd5 Rae8 22.Qf3  1-0

[Event "30th Elekes Mem IM"]
[Site "Budapest HUN"]
[Date "2005.05.26"]
[Round "6"]
[White "Peredy,F"]
[Black "Koneru,C"]
[Result "1/2-1/2"]
[WhiteElo "2290"]
[BlackElo "2305"]

1.c4 e5 2.g3 Nf6 3.Bg2 d5 4.cxd5 Nxd5 5.d3 Nc6 6.Nf3 Be7 7.O-O O-O 8.a3 Be6
9.Nbd2 Nb6 10.b4 a5 11.b5 Nd4 12.Bb2 Nxb5 13.Nxe5 f6 14.Nef3 a4 15.Qc2 c6
16.Rfc1 Qd7 17.Ne4 Bb3 18.Qd2 Rfe8 19.h4 Rad8 20.Qa5  1/2-1/2

[Event "TCh-ROM A"]
[Site "Tusnad ROM"]
[Date "2005.05.26"]
[Round "6"]
[White "Voiska,M"]
[Black "Apostoaie,L"]
[Result "1/2-1/2"]
[WhiteElo "2340"]
[BlackElo "2182"]

1.c4 e5 2.g3 Nc6 3.Bg2 d6 4.Nc3 Be6 5.d3 Qd7 6.h3 Nge7 7.Nd5 Nd8 8.e4 c6
9.Ne3 d5 10.Ne2 d4 11.Nc2 c5 12.f4 f6 13.Ng1 g6 14.fxe5 fxe5 15.Nf3 Bg7 16.Ng5 O-O
17.Rf1 Ndc6 18.Nxe6 Qxe6 19.Bd2 h6 20.Qe2 a5 21.b3 Nb4 22.Rxf8+ Bxf8 23.Nxb4 axb4
24.Bc1 Nc6 25.Rb1 b6 26.Kf1 Ra7  1/2-1/2

[Event "TCh-ROM A"]
[Site "Tusnad ROM"]
[Date "2005.05.27"]
[Round "7"]
[White "Kostic,Neb"]
[Black "Dumitrache,D"]
[Result "0-1"]
[WhiteElo "2352"]
[BlackElo "2455"]

1.c4 e5 2.g3 Nc6 3.Bg2 g6 4.Nc3 Bg7 5.Rb1 a5 6.d3 d6 7.e4 Nge7 8.Nge2 O-O
9.O-O Be6 10.Nd5 h6 11.b3 Kh7 12.Bb2 f5 13.f4 Qd7 14.Qd2 Rf7 15.Rbd1 Rd8
16.a3 b6 17.Bc3 Nd4 18.Nxd4 exd4 19.Bb2 a4 20.bxa4 Nc6 21.exf5 Bxf5 22.Rfe1 Na5
23.Qc2 Re8 24.Rxe8 Qxe8 25.h3 h5 26.Kh2 c6 27.Nb4 Re7 28.Rd2 Re1 29.Bc1 Qe3  0-1

[Event "TCh-ROM A"]
[Site "Tusnad ROM"]
[Date "2005.05.27"]
[Round "7"]
[White "Calotescu,A"]
[Black "Manicuta,M"]
[Result "1-0"]
[WhiteElo "2268"]
[BlackElo "2091"]

1.c4 e5 2.g3 c5 3.Bg2 Nc6 4.Nc3 g6 5.h4 h5 6.a3 Bg7 7.Rb1 a5 8.Nf3 Nge7 9.O-O O-O
10.Ne1 d6 11.Nc2 Be6 12.Ne3 Rb8 13.d3 Bh6 14.Ned5 Bxc1 15.Qxc1 Kg7 16.e3 b6
17.Rd1 Qd7 18.Rd2 f5 19.f4 Ng8 20.b4 axb4 21.axb4 exf4 22.gxf4 Nh6 23.bxc5 bxc5
24.Rdb2 Ng4 25.Rxb8 Rxb8 26.Rxb8 Nxb8 27.Qb2 Qd8 28.Ne4+ Kh6 29.Ng5 Bxd5
30.Bxd5 Qe8 31.Be6 Nc6 32.Nf7+ Kh7 33.Ng5+ Kh6 34.Qb7 Ne7 35.Nf7+ Kg7 36.Nxd6 Qd8
37.Qb2+ Nf6 38.Qe5 Qa5 39.Ne8+ Kh6 40.Qb2 Qe1+ 41.Kg2 Qxe3 42.Nxf6 Qxe6 43.Ne4 Qg8
44.Nxc5 Nc6 45.Qf6 Nd8 46.d4 Nf7 47.d5 Qa8 48.Qb2 Nd6 49.Ne6 Qg8 50.c5 Ne4
51.c6 Nc5 52.Nxc5 Qxd5+ 53.Kh2 Kh7 54.Nd7 Qxc6 55.Ne5 Qe4 56.Qd2 Kh6 57.Kg3 Qh1
58.Nf3 Qa1 59.Qd4 Qa8 60.Qd6 Qc8 61.Qf6 Qa8 62.Qc3 Qd8 63.Ng5 Qe8 64.Ne6 Qg8
65.Qf6 Kh7 66.Kf3 Kh6 67.Ke3 Kh7 68.Kd4 Kh6 69.Qf8+  1-0

[Event "14th CRO-Cup"]
[Site "Sibenik CRO"]
[Date "2005.06.02"]
[Round "5"]
[White "Golubovic,B"]
[Black "Lalic,B"]
[Result "1/2-1/2"]
[WhiteElo "2462"]
[BlackElo "2503"]

1.c4 e5 2.g3 Nf6 3.Bg2 Nc6 4.Nc3 Bb4 5.Nf3 O-O 6.O-O e4 7.Ng5 Bxc3 8.bxc3 Re8
9.f3 exf3 10.exf3 h6  1/2-1/2

[Event "FSIM June"]
[Site "Budapest HUN"]
[Date "2005.06.05"]
[Round "2"]
[White "Galyas,M"]
[Black "Lengyel,B"]
[Result "1/2-1/2"]
[WhiteElo "2444"]
[BlackElo "2302"]

1.c4 e5 2.g3 Nf6 3.Bg2 d5 4.cxd5 Nxd5 5.Nf3 Nc6 6.O-O Be7 7.d4 exd4 8.Nxd4 Nxd4
9.Qxd4 Nf6 10.Qa4+ Qd7 11.Qc2 c6 12.Nc3 O-O 13.e4 Qe6 14.f4 Nd7 15.Kh1 f6
16.Be3 Re8 17.Rad1 Kh8 18.Bd4 Qf7 19.e5 f5 20.b3 Nf8 21.Bg1 Ne6 22.Ne2 Qf8
23.g4 g6 24.gxf5 gxf5 25.Rf3 Rd8 26.Rxd8 Bxd8 27.Qc4 Bb6 28.Rd3 Qe8 29.a4 Ng7
30.Nd4 Be6 31.Nxe6 Qxe6 32.Rd6 Qxc4 33.bxc4 Bxg1 34.Kxg1 Nh5 35.Rd4 c5 36.Rd7 Nxf4
37.Bxb7 Rg8+ 38.Kf1 Rg7 39.Rd8+ Rg8 40.Rd7 Rg7  1/2-1/2

[Event "TCh-ARG Magistral AFA"]
[Site "Buenos Aires ARG"]
[Date "2005.06.07"]
[Round "5"]
[White "Grushka,C"]
[Black "De Dovitiis,A"]
[Result "0-1"]
[WhiteElo "2235"]
[BlackElo "2345"]

1.g3 e5 2.c4 Nf6 3.Bg2 Bc5 4.Nc3 O-O 5.e3 Re8 6.Nge2 Nc6 7.O-O e4 8.d3 exd3
9.Nf4 d6 10.Nxd3 Bb6 11.h3 Bf5 12.g4 Be4 13.Nxe4 Nxe4 14.b3 Qh4 15.Bxe4 Rxe4
16.Kg2 Rae8 17.f3 R4e7 18.e4 Bd4 19.Rb1 Be5 20.Qe1 Qf6 21.Nb4 Nxb4 22.Qxb4 c6
23.Qd2 d5 24.cxd5 cxd5 25.Qxd5 Rc7 26.Rf2 Rd8 27.Qb5 a6 28.Qe2 Rxc1 29.Rxc1 Qf4
30.Rh1 h5 31.Qc2 Qg3+ 32.Kf1 Bd4 33.Rhh2 Bxf2 34.Rxf2 Qxh3+ 35.Ke1 hxg4 36.fxg4 Qxg4
37.Qc4 Rd1+  0-1

[Event "TCh-BIH Prem"]
[Site "Neum BIH"]
[Date "2005.06.08"]
[Round "5"]
[White "Ruck,R"]
[Black "Lalic,B"]
[Result "1/2-1/2"]
[WhiteElo "2551"]
[BlackElo "2503"]

1.c4 e5 2.g3 Nf6 3.Bg2 d5 4.cxd5 Nxd5 5.Nf3 Nc6 6.O-O Nb6 7.d3 Be7 8.a3 O-O
9.Nbd2 a5 10.b3 Be6 11.Bb2 f6 12.Qc2 Qd7 13.Rfd1 Rfd8 14.Nc4 Qe8 15.Nfd2 Nd5
16.Nf3 Nb6 17.Nfd2 Nd5 18.Nf3  1/2-1/2

[Event "PanAmY U16B"]
[Site "Balneario Camboriu BRA"]
[Date "2005.06.13"]
[Round "3"]
[White "Bachmann,Ax"]
[Black "Diamant,A"]
[Result "1-0"]
[WhiteElo "2410"]
[BlackElo "2226"]

1.c4 e5 2.g3 Nc6 3.Bg2 Nf6 4.Nc3 Bb4 5.Nd5 Bc5 6.e3 d6 7.Ne2 Nxd5 8.cxd5 Ne7
9.O-O O-O 10.d4 exd4 11.Nxd4 Bd7 12.b3 Ng6 13.Bb2 f5 14.Rc1 Qe7 15.b4 Bb6
16.a4 a5 17.b5 Ne5 18.Ne6 Bxe6 19.dxe6 Rab8 20.Qd5 Ng4 21.h3 Nf6 22.Qxf5 Nd7
23.Qg4 Nc5 24.Bd5 Rfc8 25.Rc4 Nd3 26.Bc3 Ne5 27.Bxe5 dxe5 28.Qf5 Qd6 29.Be4  1-0

[Event "III Open"]
[Site "Bajada de la Virgen ESP"]
[Date "2005.06.15"]
[Round "4"]
[White "Andrades Campo,F"]
[Black "Pena Hernandez,T"]
[Result "1-0"]
[WhiteElo "2204"]
[BlackElo "1811"]

1.c4 e5 2.g3 Nf6 3.Bg2 d5 4.cxd5 Nxd5 5.Nc3 Nxc3 6.bxc3 Bd6 7.Nf3 O-O 8.O-O Nc6
9.Rb1 f5 10.d3 h6 11.Nd2 Na5 12.Qa4 c6 13.Nb3 Nxb3 14.Qxb3+ Kh8 15.f4 Qc7
16.fxe5 Bxe5 17.d4 Bf6 18.Bf4 Qf7 19.d5 c5 20.d6 Qd7 21.Qc4 Rg8 22.Qxc5 b6
23.Qc7  1-0

[Event "Marx Gyorgy Open"]
[Site "Paks HUN"]
[Date "2005.06.20"]
[Round "7"]
[White "Ianov,V"]
[Black "Videki,S"]
[Result "0-1"]
[WhiteElo "2381"]
[BlackElo "2405"]

1.c4 e5 2.g3 Nf6 3.Bg2 c6 4.d4 Bb4+ 5.Bd2 Bxd2+ 6.Qxd2 d6 7.Nc3 Qe7 8.e3 Nbd7
9.Nge2 O-O 10.O-O Re8 11.Rac1 Nb6 12.b3 h5 13.h3 e4 14.Rce1 Bf5 15.Nf4 d5
16.cxd5 Nbxd5 17.Ncxd5 cxd5 18.Rc1 g5 19.Ne2 Qd7 20.Kh2 Kg7 21.Rh1 Rh8 22.Qa5 b6
23.Qb4 h4 24.g4 Bxg4 25.hxg4 h3 26.Bxe4 dxe4 27.Qd2 Nxg4+ 28.Kg1 Qf5 29.Ng3 Qf3
30.Kf1 Rac8 31.Rc4 b5 32.Rc5 Rxc5 33.dxc5 Rd8  0-1

[Event "19th Open Pula"]
[Site "Pula CRO"]
[Date "2005.06.20"]
[Round "2"]
[White "Mandekic,I"]
[Black "Atalik,S"]
[Result "0-1"]
[WhiteElo "2238"]
[BlackElo "2561"]

1.c4 e5 2.g3 Nf6 3.Bg2 Nc6 4.Nc3 Bc5 5.d3 d6 6.Nf3 h6 7.O-O O-O 8.a3 a5 9.b3 Bg4
10.h3 Be6 11.Bb2 Re8 12.Rc1 Bb6 13.Kh2 Qd7 14.e3 Rad8 15.Qc2 d5 16.cxd5 Nxd5
17.Na4 f6 18.Nxb6 Nxb6 19.d4 Qf7 20.dxe5 Bxb3 21.Qb1 fxe5 22.Rxc6 bxc6 23.Nxe5 Rxe5
24.Bxe5 a4 25.Qe4 Nc4 26.Bc3 c5 27.Qh4 Rd3 28.Be4 Nd2 29.Bxd2 Rxd2 30.Kg1 c4
31.Qg4 Qe7 32.Qf5 Qd7 33.Qh7+ Kf8 34.g4 c3 35.Bg6 c2 36.Bf5 Qf7 37.Kg2 Bd5+
38.Kg3 Rd1  0-1

[Event "19th Open Pula"]
[Site "Pula CRO"]
[Date "2005.06.20"]
[Round "2"]
[White "Rukavina,J"]
[Black "Gritsch,C"]
[Result "1-0"]
[WhiteElo "2426"]
[BlackElo "2192"]

1.c4 e5 2.g3 Nf6 3.Bg2 g6 4.Nc3 Bg7 5.d3 O-O 6.f4 d6 7.Nf3 exf4 8.Bxf4 c6
9.Qd2 d5 10.cxd5 Nxd5 11.Bh6 f5 12.Bxg7 Kxg7 13.Nxd5 cxd5 14.d4 Nc6 15.O-O Re8
16.e3 Qe7 17.Rfe1 Be6 18.Rac1 Rac8 19.Rc3 Nb4 20.a3 Rxc3 21.Qxc3 Nc6 22.b4 Nd8
23.Qc5 b6 24.Qxe7+ Rxe7 25.Rc1 Nf7 26.Rc6 Nd8 27.Rc1 Nf7 28.Kf2 h6 29.Ke2 g5
30.Kd2 Kf6 31.Bf1 Re8 32.Ba6 Re7 33.a4 f4 34.exf4 gxf4 35.gxf4 Kf5 36.Re1 Kxf4
37.Ne5 Nxe5 38.Rxe5 Re8 39.Bb5 Re7 40.Bc6 Kg4 41.Bxd5  1-0

[Event "19th Open Pula"]
[Site "Pula CRO"]
[Date "2005.06.21"]
[Round "3"]
[White "Franciskovic,B"]
[Black "Jovanovic,Zo CRO"]
[Result "0-1"]
[WhiteElo "2193"]
[BlackElo "2481"]

1.c4 e5 2.g3 Nc6 3.Bg2 f5 4.Nc3 Nf6 5.e3 g6 6.Nge2 Bg7 7.O-O O-O 8.d3 d6
9.Rb1 a5 10.a3 Be6 11.Nd5 Bxd5 12.cxd5 Ne7 13.e4 Kh8 14.b4 axb4 15.axb4 Nd7
16.d4 Nf6 17.Qc2 fxe4 18.Bxe4 Nxe4 19.Qxe4 Nf5 20.Bb2 Nxd4 21.Nxd4 exd4 22.Bxd4 Bxd4
23.Qxd4+ Qf6 24.Qc4 Rf7 25.Rbe1 Raf8 26.Re6 Qf3 27.Re3 Qxe3 28.fxe3 Rxf1+
29.Kg2 R1f7 30.e4 Re8 31.Qb5 Rxe4 32.Qxb7 Kg7 33.Qb5 h5 34.Qd3 Re5 35.Qd4 Kh7
36.b5 Re2+ 37.Kg1 Rc2 38.b6 cxb6 39.Qxb6 Re7 40.Qb1 Ree2 41.Qf1 Kg8 42.h4 Ra2
43.Kh1 Kg7 44.Kg1 Rg2+ 45.Qxg2 Rxg2+ 46.Kxg2 Kf6 47.Kf3 Ke5 48.g4 Kxd5 49.gxh5 gxh5
50.Kf4 Kc4 51.Kg5 d5 52.Kxh5 d4 53.Kg6 d3 54.h5 d2 55.h6 d1=Q  0-1